| 000 | 00453nam a2200181Ia 4500 | ||
|---|---|---|---|
| 003 | GCL | ||
| 008 | 140319s9999 xx 000 0 eng d | ||
| 040 |
_aGCL / _cGCL |
||
| 082 | 0 | 4 |
_a843 _bN B |
| 100 | 1 | _aNEMIROUSKY, IREME | |
| 245 | 1 | 0 |
_aLE BAC / _cNEMIROUSKY, IREME |
| 260 |
_a[S.N] : _bBERNARD GRASSET ، _c1993 |
||
| 300 | _a135 P | ||
| 490 |
_aLES CAHIERS ROUGES _v0 |
||
| 650 | 0 | 4 | _aLITERATURE |
| 650 | 0 | 4 | _aFRENCH LITERATURE |
| 942 |
_2ddc _cBK |
||
| 999 |
_c12734 _d12734 |
||